<?xml version="1.0" encoding="UTF-8"?>
<record
    xmlns:xsi="http://www.w3.org/2001/XMLSchema-instance"
    xsi:schemaLocation="http://www.loc.gov/MARC21/slim http://www.loc.gov/standards/marcxml/schema/MARC21slim.xsd"
    xmlns="http://www.loc.gov/MARC21/slim">

  <leader>00772nam a22001457a 4500</leader>
  <datafield tag="999" ind1=" " ind2=" ">
    <subfield code="c">524440</subfield>
    <subfield code="d">524440</subfield>
  </datafield>
  <controlfield tag="008">231117b           ||||| |||| 00| 0 eng d</controlfield>
  <datafield tag="100" ind1=" " ind2=" ">
    <subfield code="a">Singh, Pushpa</subfield>
    <subfield code="9">46117</subfield>
  </datafield>
  <datafield tag="245" ind1=" " ind2=" ">
    <subfield code="a">Food sovereignty movements and environmental justice in India: Critical insighs and assessments from Uttarakhand and Odisha </subfield>
  </datafield>
  <datafield tag="260" ind1=" " ind2=" ">
    <subfield code="a">Social Action  </subfield>
  </datafield>
  <datafield tag="300" ind1=" " ind2=" ">
    <subfield code="a">73(4), Oct-Dec, 2023: p.446-458</subfield>
  </datafield>
  <datafield tag="520" ind1=" " ind2=" ">
    <subfield code="a">The autonomy of food and farming systems across the world has been winder significant pressure due to increasing agribusiness monopoly, corporate control and market dependencies. The ramifications are evident in the dwindling rights of forms and erosion of indigenous, local food systems. &#x2013; Reproduced   </subfield>
  </datafield>
  <datafield tag="773" ind1=" " ind2=" ">
    <subfield code="a">Social Action  </subfield>
  </datafield>
  <datafield tag="906" ind1=" " ind2=" ">
    <subfield code="a">FOOD SECURITY</subfield>
  </datafield>
  <datafield tag="942" ind1=" " ind2=" ">
    <subfield code="c">AR</subfield>
  </datafield>
  <datafield tag="952" ind1=" " ind2=" ">
    <subfield code="0">0</subfield>
    <subfield code="1">0</subfield>
    <subfield code="2">ddc</subfield>
    <subfield code="4">0</subfield>
    <subfield code="7">0</subfield>
    <subfield code="9">399495</subfield>
    <subfield code="a">IIPA</subfield>
    <subfield code="b">IIPA</subfield>
    <subfield code="d">2023-11-17</subfield>
    <subfield code="h">73(4), Oct-Dec, 2023: p.446-458</subfield>
    <subfield code="p">AR130320</subfield>
    <subfield code="r">2023-11-17</subfield>
    <subfield code="y">AR</subfield>
  </datafield>
</record>
